| 000 | 00375 a2200157 4500 | ||
|---|---|---|---|
| 003 | Nust | ||
| 005 | 20230331092057.0 | ||
| 040 | _cNust | ||
| 082 | _a808.83,YOU | ||
| 100 |
_aYoung,Mills _9111624 |
||
| 245 |
_aHidden Passage / _cF.E Mills Young |
||
| 260 |
_aLondon _bHodder and Stoughton |
||
| 650 |
_aFictions _9107530 |
||
| 651 | _aNovel | ||
| 942 |
_2ddc _cBK _k808.83,YOU |
||
| 999 |
_c186675 _d186675 |
||